| 000 | 00339nam a22001337a 4500 | ||
|---|---|---|---|
| 020 | _a978-93-85869-35-8 | ||
| 082 |
_a001 _bMAN/W |
||
| 100 | _aMAANU GRAPHICS | ||
| 245 |
_aWHAT DO YOU KNOW ABOUT MUSIC & DANCE _bGENERAL KNOWLEDGE QUIZ |
||
| 260 |
_aDELHI _bMAANU GRAPHICS |
||
| 300 | _a32 | ||
| 650 |
_aGENERAL KNOWLEDGE _zINDIA |
||
| 942 | _cBK | ||
| 999 |
_c6603 _d6603 |
||